000 00348nam a22001457a 4500
003 OSt
008 250509b |||||||| |||| 00| 0 eng d
100 _aSWAMI, Mhatama Anand
245 _aBde Darbar Ka Gayak
250 _a23th
260 _aNew Delhi
_bVijaykumar Govindram Hasanand
_c2023
300 _a36
650 _aGeneral
942 _2ddc
_cBK
999 _c13575
_d13575